Proceedings of the fifth Kerala Science Congress 28-30 January 1993, Kottayam (Record no. 43643)

MARC details
000 -LEADER
fixed length control field 00498nam a2200145Ia 4500
082 ## - DEWEY DECIMAL CLASSIFICATION NUMBER
Classification number 5:061.3(548.3)
Item number PRO.5
245 #0 - TITLE STATEMENT
Title Proceedings of the fifth Kerala Science Congress 28-30 January 1993, Kottayam
260 ## - PUBLICATION, DISTRIBUTION, ETC. (IMPRINT)
Place of publication Govt of Kerala
Name of publisher State Committee on Science, Technology and Environment
Year of publication 1993
650 ## - SUBJECT ADDED ENTRY--TOPICAL TERM
Topical Term Ethylene Vinyl acetate co polymers
650 ## - SUBJECT ADDED ENTRY--TOPICAL TERM
Topical Term Liquid Natural Rubber
650 ## - SUBJECT ADDED ENTRY--TOPICAL TERM
Topical Term Sisal fibre
700 ## - ADDED ENTRY--PERSONAL NAME
Personal name Ravikumar, R
942 ## - ADDED ENTRY ELEMENTS (KOHA)
Koha item type Books
Holdings
Withdrawn status Lost status Damaged status Not for loan Home library Current library Date acquired Source of acquisition Full call number Accession Number Koha item type
        RRII Library RRII Library 16/12/2021 Gift 5:061.3(548.3) PRO.5 G00395 Books